BIBLIOTECA

SENCICO

Ciencia e Ingeniería de materiales : estructura, propiedades y fractura (Registro nro. 815)

Detalles MARC
000 -LEADER
fixed length control field 00648nam a2200253Ia 4500
005 - DATE AND TIME OF LATEST TRANSACTION
control field 20251020182450.0
008 - FIXED-LENGTH DATA ELEMENTS--GENERAL INFORMATION
fixed length control field 200515s9999 xx 000 0 und d
020 ## - INTERNATIONAL STANDARD BOOK NUMBER
International Standard Book Number 978-84-8408-504-1
082 ## - DEWEY DECIMAL CLASSIFICATION NUMBER
Classification number 620.2.63/T68
100 ## - MAIN ENTRY--PERSONAL NAME
Personal name Monsalve, A.
100 ## - MAIN ENTRY--PERSONAL NAME
Personal name Toledano, M.
245 #0 - TITLE STATEMENT
Title Ciencia e Ingeniería de materiales : estructura, propiedades y fractura
260 ## - PUBLICATION, DISTRIBUTION, ETC.
Place of publication, distribution, etc. [La Coruña]
260 ## - PUBLICATION, DISTRIBUTION, ETC.
Name of publisher, distributor, etc. andavira
260 ## - PUBLICATION, DISTRIBUTION, ETC.
Date of publication, distribution, etc. [s.a.]
300 ## - PHYSICAL DESCRIPTION
Extent 196
300 ## - PHYSICAL DESCRIPTION
Other physical details il., tbl., graf.
500 ## - GENERAL NOTE
General note 1 ejemplar
650 ## - SUBJECT ADDED ENTRY--TOPICAL TERM
Topical term or geographic name entry element CIENCIA DE MATERIALES
650 ## - SUBJECT ADDED ENTRY--TOPICAL TERM
Topical term or geographic name entry element INGENIERIA DE MATERIALES
650 ## - SUBJECT ADDED ENTRY--TOPICAL TERM
Topical term or geographic name entry element MATERIALES
942 ## - ADDED ENTRY ELEMENTS (KOHA)
Koha item type Libros
Existencias
Fecha de la última vez que lo usaron Pago total Signatura topográfica completa Código de barras Precio efectivo desde Tipo de documento Estado perdido Estado dañado No es para préstamo Retirado Ubicación permanente Ubicación actual Fecha de adquisición
15/05/2020   620.2.63/T68 Bib-Lima15050815 15/05/2020 Libros         Biblioteca Central Lima Biblioteca Central Lima 15/05/2020